| 000 | 00586cam a22002053a 4500 | ||
|---|---|---|---|
| 001 | 46092 | ||
| 003 | PGUSA | ||
| 005 | 20140828084100.0 | ||
| 008 | 140624s2014||||xxu|||||s|||||000 | eng d | ||
| 040 |
_aPGUSA _beng |
||
| 042 | _adc | ||
| 100 | 1 |
_aPotter, Olave M. _q(Olave Muriel) |
|
| 245 | 1 | 2 |
_aA Little Pilgrimage in Italy _h[electronic resource] / _cOlave M. Potter |
| 260 |
_bProject Gutenberg, _c2014 |
||
| 506 | _aPublic domain in the USA. | ||
| 516 | _aElectronic text | ||
| 830 | 0 |
_aProject Gutenberg _v46092 |
|
| 856 | 4 | 0 | _uhttp://www.gutenberg.org/ebooks/46092 |
| 942 | _cEB | ||
| 999 |
_c275341 _d275341 |
||